Personnages de la génération terrible de One Piece par images - Statistiques

Statistiques générales
  • Ce quiz a été pris 39 fois
  • Le résultat moyen est 11 sur 12
Statistiques - réponses
Par images Réponse % Correct
Eustass Kid
100%
Marshall D. Teach
100%
Monkey D. Luffy
100%
Trafalgar D. Water Law
100%
Roronoa Zoro
97%
Jewelry Bonney
90%
Killer
90%
X. Drake
90%
Basil Hawkins
79%
Capone Bege
79%
Urouge
79%
Scratchmen Apoo
76%
Aucun quiz correspondant
Distribution des résultats
% des personnes avec chaque résultat
Percentile par nombre de réponses
Votre historique - résultats
Vous n’avez pas pris ce quiz